Problems and solutions in C++ / (Record no. 208638)
[ view plain ]
| 000 -LEADER | |
|---|---|
| fixed length control field | 01058 a2200181 4500 |
| 003 - CONTROL NUMBER IDENTIFIER | |
| control field | Nust |
| 005 - DATE AND TIME OF LATEST TRANSACTION | |
| control field | 20220817133624.0 |
| 020 ## - INTERNATIONAL STANDARD BOOK NUMBER | |
| International Standard Book Number | 9780070648210 |
| 040 ## - CATALOGING SOURCE | |
| Transcribing agency | Nust |
| 082 ## - DEWEY DECIMAL CLASSIFICATION NUMBER | |
| Classification number | 005.133,VEN |
| 100 ## - MAIN ENTRY--PERSONAL NAME | |
| Personal name | Venugopal, K R |
| 9 (RLIN) | 97814 |
| 245 ## - TITLE STATEMENT | |
| Title | Problems and solutions in C++ / |
| Statement of responsibility, etc. | K R Venugopal |
| 260 ## - PUBLICATION, DISTRIBUTION, ETC. | |
| Place of publication, distribution, etc. | New Delhi |
| Name of publisher, distributor, etc. | McGraw-hill |
| Date of publication, distribution, etc. | 2008. |
| 300 ## - PHYSICAL DESCRIPTION | |
| Extent | 237p .: |
| 505 ## - FORMATTED CONTENTS NOTE | |
| Formatted contents note | Data Types and Operations (Page-10, Control Flow (Page-18), Arrays and Strings (Page-29), Modular Programming with Functions (Page-48), Structure and Unions (Page-68), Pointer and Runtime Binding (Page-86), Classes and Objects (Page-106), Dynamic Objects and Initialization (Page-114), Operator and Function Overloading (Page-128), Inheritance (Page-141), Dynamics Memory Allocation (Page-149), Generic Program with Templates (Page-158), Streams Computation with Console and Files (Page-165), Predecessor (Page-170), General Problems (Page-186), Frequently Asked Quotations (Page-224), Quick Reference (Page-230). |
| 650 ## - SUBJECT ADDED ENTRY--TOPICAL TERM | |
| Topical term or geographic name entry element | Computer programming |
| 942 ## - ADDED ENTRY ELEMENTS (KOHA) | |
| Source of classification or shelving scheme | |
| Koha item type | Book |
| Call number prefix | 005.133,VEN |
| Withdrawn status | Lost status | Source of classification or shelving scheme | Damaged status | Not for loan | Permanent Location | Current Location | Shelving location | Date acquired | Full call number | Barcode | Date last seen | Price effective from | Koha item type | Public note |
|---|---|---|---|---|---|---|---|---|---|---|---|---|---|---|
| Military College of Signals (MCS) | Military College of Signals (MCS) | General Stacks | 12/12/2016 | 005.133,VEN | MCS37048 | 12/08/2016 | 12/12/2016 | Book | Almirah No.5, Shelf No.4 |
